000 00726cam a2200241 4500500
005 20260405004105.0
041 _afre
042 _adc
100 1 0 _aNef, Frédéric
_eauthor
245 0 0 _aFrédéric Nef : avec Sempé, tout baigne
260 _c2022.
500 _a97
690 _aBourgeoisie
690 _aFrédéric Nef
690 _aLiquide
690 _aMétaphysique
690 _aNature
690 _aPlage
690 _aSempé
690 _aTranscendance
786 0 _nPhilosophie magazine - Hors séries | Hors-série Autome-Hiver 2022 | HS55 | 2022-10-01 | p. 3-3 | 2104-9246
856 4 1 _uhttps://shs.cairn.info/magazine-philosophie-magazine-2022-hs55-page-3?lang=fr&redirect-ssocas=7080
999 _c2073624
_d2073624